00399 a2200121 4500001001000000005001700010008004100027245008400068100001900152700002100171773006800192999001700260ART_1230320260410161905.0260409a 10aFurther evidence on the robustness of the Tobit estimator to heteroskedasticity1 aSchmidt, Peter1 aArabmazar, Abbas0 tJournal of econometricsg- Vol. 17, NÂș 2 (nov. 1981)wREV11720 c26251d26251